[Event "Tournament (open)"]
[Site "masterchessopen.com Dmitrov (Russia)"]
[Date "2011.07.30"]
[Round "4"]
[White "Prihodko Ilja (RUS)"]
[Black "Rudenok Tatiana (RUS)"]
[Result "0-1"]
[WhiteElo "2071"]
[BlackElo "1995"]

1.e4 c5 2.Nf3 d6 3.d4 cxd4 4.Nxd4 Nf6 5.Nc3 Nc6 6.Bg5 Bd7 7.Qd2 Rc8 8.O-O-O a6
9.Kb1 Qa5 10.Nb3 Qd8 11.f3 b5 12.Nd5 Ne5 13.Be3 Nxd5 14.exd5 Nc4 15.Qf2 Nxe3
16.Qxe3 g6 17.Bd3 Bg7 18.g4 a5 19.h4 h5 20.Nd4 b4 21.gxh5 gxh5 22.Rhg1 Bf6
23.Nf5 Qc7 24.Qh6 Ba4 25.Qd2 Kd8 26.Nh6 Be8 27.Rg2 Qc5 28.Bf5 Rb8 29.Rg8 Rxg8
30.Nxg8 Bxh4 31.Rh1 Bf2 32.Rxh5 Be3 33.Qe1 a4 34.Rh2 a3 35.Re2 Qd4 36.c3 bxc3
37.Rxe3 c2+ 38.Kxc2 Rxb2+ 39.Kc1 Rb1+ 40.Bxb1 Qb2+ {#R} 0-1

[Event "It (open) \"]
[Site "masterchessopen.com Medellin (Colombia)"]
[Date "2011.08.05"]
[Round "4"]
[White "Sanchez L Sebastian Felipe (COL)"]
[Black "Giraldo Leonardo Emilio (COL)"]
[Result "1-0"]
[WhiteElo "2169"]
[BlackElo "1908"]

1.e4 c5 2.Nf3 Nc6 3.d4 cxd4 4.Nxd4 Nf6 5.Nc3 d6 6.Bg5 Bd7 7.Qd2 Rc8 8.O-O-O
Qa5 9.Nb3 Qc7 10.f4 a6 11.Bd3 e6 12.Bxf6 gxf6 13.Kb1 Be7 14.Rde1 b5 15.Nd5
exd5 16.exd5 Ne5 17.fxe5 fxe5 18.Rhf1 h6 19.Re2 Bg5 20.Qb4 O-O 21.h4 Bf4 22.g3
f5 23.gxf4 e4 24.Rg2+ Kh7 25.Qd4 Rf7 26.Rfg1 {#r} 1-0

[Event "Ch World (juniors) (under 20)"]
[Site "masterchessopen.com Chennai (India)"]
[Date "2011.08.09"]
[Round "7"]
[White "Rodriguez Aleman Eduardo (MEX)"]
[Black "Bryan-Vissi Mark (CYP)"]
[Result "1-0"]
[WhiteElo "1990"]
[BlackElo "1803"]

1.e4 c5 2.Nf3 d6 3.d4 cxd4 4.Nxd4 Nf6 5.Nc3 Nc6 6.Bg5 Bd7 7.Qd2 Rc8 8.O-O-O
Nxd4 9.Qxd4 Qa5 10.Bd2 Qc5 11.Qxc5 Rxc5 12.Be3 Rxc3 13.bxc3 Nxe4 14.Bxa7 Nxc3
15.Rd3 Ne4 16.f3 Nf6 17.Ra3 g6 18.Be3 Bc6 19.Bd3 Kd7 20.Re1 Bg7 21.Bc4 d5
22.Rd3 b5 23.Bb3 Rd8 24.Bg5 e6 25.Bd2 Ke8 26.Bc3 Kf8 27.Bd4 Bh6+ 28.Kb1 Nd7
29.g3 Kg8 30.f4 Bf8 31.g4 Nc5 32.Rh3 Ne4 33.Ree3 Ba3 34.Rxh7 f6 35.Reh3 Bf8
36.Rc7 Be8 37.g5 Bd6 38.Rch7 Bf8 39.gxf6 g5 40.f7+ {#r} 1-0

[Event "Cup Atlantic (b)"]
[Site "masterchessopen.com Groningen (Netherlands)"]
[Date "2011.08.16"]
[Round "9"]
[White "Van Foreest Jorden (NED)"]
[Black "Duijker Rick (NED)"]
[Result "0-1"]
[WhiteElo "2153"]
[BlackElo "2214"]

1.e4 c5 2.Nf3 Nc6 3.d4 cxd4 4.Nxd4 Nf6 5.Nc3 d6 6.Bg5 Bd7 7.Qd2 Rc8 8.O-O-O
Nxd4 9.Qxd4 Qa5 10.f4 Rxc3 11.bxc3 e5 12.Qb4 Qxb4 13.cxb4 Nxe4 14.Bh4 g5
15.Bd3 Nc3 16.Bxg5 Nxd1 17.Rxd1 Be7 18.Bxe7 Kxe7 19.Re1 f6 20.Kd2 Bc6 21.g4 h6
22.h4 Rg8 23.Bf5 Bd7 24.Bxd7 Kxd7 25.g5 hxg5 26.hxg5 fxg5 27.fxe5 g4 28.exd6
g3 29.c4 Kxd6 30.Ke2 Re8+ 31.Kd2 Rxe1 32.Kxe1 Ke5 33.Kf1 Kd4 34.c5 Kc4 35.a3
a6 36.Kg2 Kb3 {#R} 0-1

[Event "Tournament (Elo)"]
[Site "masterchessopen.com Saratov (Russia)"]
[Date "2011.08.22"]
[Round "9"]
[White "Rjanova Valery (RUS)"]
[Black "Nurdinov Iliya"]
[Result "1-0"]
[WhiteElo "2171"]
[BlackElo "1802"]

1.e4 c5 2.Nc3 Nc6 3.Nf3 d6 4.d4 cxd4 5.Nxd4 Nf6 6.Bg5 Bd7 7.Qd2 Rc8 8.f4 h6
9.Bxf6 gxf6 10.O-O-O h5 11.g3 h4 12.Bg2 hxg3 13.hxg3 Rg8 14.Qe1 a6 15.Nf5 Qa5
16.Bh3 Bxf5 17.exf5 Kd8 18.Kb1 b5 19.Bg2 Nb4 20.a3 Nc6 21.Bd5 Ke8 22.Bxf7+
{#r} 1-0

[Event "It (open)"]
[Site "masterchessopen.com Amantea (Italy)"]
[Date "2011.09.08"]
[Round "6"]
[White "Piscopo Pierluigi (ITA)"]
[Black "Mladenov Plamen (BUL)"]
[Result "1-0"]
[WhiteElo "2373"]
[BlackElo "2371"]

1.e4 c5 2.Nf3 d6 3.d4 cxd4 4.Nxd4 Nf6 5.Nc3 Nc6 6.Bg5 Bd7 7.Qd2 Rc8 8.f4 Nxd4
9.Qxd4 Qa5 10.e5 dxe5 11.fxe5 e6 12.O-O-O Rxc3 13.Bd2 Rxc2+ 14.Kxc2 Qxa2
15.Bc4 Qa4+ 16.b3 Qa2+ 17.Kd3 b5 18.Ra1 bxc4+ 19.Qxc4 Ng4 20.Rxa2 Nxe5+ 21.Kd4
Nxc4 22.bxc4 g6 23.Rxa7 Bg7+ 24.Kd3 e5 25.Bb4 Be6 26.Rd1 Kd8 27.Kc3+ Kc8
28.Bd6 e4+ 29.Kc2 {#r} 1-0

[Event "Cup Rector"]
[Site "masterchessopen.com Saratov (Russia)"]
[Date "2011.09.09"]
[Round "1"]
[White "Izbosarov Marat"]
[Black "Vetryansky Vladimir (RUS)"]
[Result "0-1"]
[WhiteElo "1921"]
[BlackElo "2248"]

1.e4 c5 2.Nf3 Nc6 3.d4 cxd4 4.Nxd4 Nf6 5.Nc3 d6 6.Bg5 Bd7 7.Qd2 Rc8 8.O-O-O
Nxd4 9.Qxd4 Qa5 10.f4 Qc5 11.Qd2 h6 12.Bxf6 gxf6 13.f5 h5 14.Kb1 Bh6 15.Qd5
Bf4 16.Qxb7 Be5 17.Bb5 O-O 18.Rd5 Rc7 19.Qa6 Qf2 20.Bxd7 Bxc3 21.bxc3 Rxd7
22.Qc6 Rdd8 23.Qc4 Rb8+ 24.Rb5 Rfc8 25.Qd3 Rxb5+ 26.Qxb5 Rxc3 27.Rc1 Kg7
28.Qf1 Qb6+ 29.Ka1 Qd4 30.Kb1 Rc6 31.c3 Qd2 {#R} 0-1

[Event "Ch Europe (juniors) (under 16)"]
[Site "masterchessopen.com Albena (Bulgaria)"]
[Date "2011.09.12"]
[Round "2"]
[White "Sychev Klementy (RUS)"]
[Black "Muskardin Mario (CRO)"]
[Result "1-0"]
[WhiteElo "2348"]
[BlackElo "2249"]

1.e4 c5 2.Nf3 d6 3.d4 cxd4 4.Nxd4 Nf6 5.Nc3 Bd7 6.Bg5 Nc6 7.Qd2 Nxd4 8.Qxd4
Qa5 9.Bd2 Rc8 10.O-O-O g6 11.a3 Bg7 12.Nd5 Qc5 13.Bc3 Nh5 14.Qxc5 Rxc5 15.Bb4
Rc8 16.Kb1 Bc6 17.Be2 Nf6 18.Rhe1 Bxd5 19.exd5 O-O 20.g4 Rc7 21.g5 Ne4 22.f4
Nf2 23.Rc1 Bd4 24.Bf3 f6 25.gxf6 Rxf6 26.Bd2 h5 27.Re2 g5 28.Rf1 g4 29.Bg2 Nh3
30.Bxh3 gxh3 31.Re4 Bb6 32.f5 Rf7 33.Rh4 Rg7 34.Rxh3 Bd4 35.Rxh5 Rc5 36.Rd1
Rxd5 37.Be3 Rg4 38.c3 Re4 {#r} 1-0

[Event "It (open)"]
[Site "masterchessopen.com Istanbul (Turkey)"]
[Date "2011.09.17"]
[Round "8"]
[White "Mecit Emre (TUR)"]
[Black "Primbetov K (KAZ)"]
[Result "1-0"]
[WhiteElo "2047"]
[BlackElo "2217"]

1.e4 c5 2.Nf3 d6 3.d4 cxd4 4.Nxd4 Nf6 5.Nc3 Nc6 6.Bg5 Bd7 7.Qd2 h6 8.Bxf6 gxf6
9.Nf5 Qa5 10.Ne3 Bg7 11.O-O-O Rc8 12.Kb1 f5 13.exf5 Nb4 14.Nc4 Qxf5 15.a3 Nc6
16.Bd3 Qh5 17.Be2 Qg6 18.Bd3 Bf5 19.Bxf5 Qxf5 20.Nxd6+ exd6 21.Qxd6 Be5
22.Rhe1 Rd8 23.Nb5 f6 24.Qxd8+ Nxd8 25.Nd6+ {#r} 1-0

[Event "It (open) \"]
[Site "masterchessopen.com Sunningdale (England)"]
[Date "2011.09.17"]
[Round "3"]
[White "Holland J"]
[Black "Salem Ihab (PLE)"]
[Result "1-0"]
[WhiteElo "2204"]
[BlackElo "2097"]

1.e4 c5 2.Nf3 d6 3.d4 cxd4 4.Nxd4 Nf6 5.Nc3 Nc6 6.Bg5 Bd7 7.Qd2 Rc8 8.f4 Qa5
9.Nb3 Qb4 10.a3 Qb6 11.O-O-O h6 12.Bh4 Be6 13.Bf2 Qc7 14.Nd4 Nxd4 15.Qxd4 a6
16.Bd3 Bg4 17.e5 dxe5 18.fxe5 Rd8 19.Qa4+ Bd7 20.Qf4 e6 21.Rhf1 Bc6 22.Bh4 Rg8
23.exf6 Bd6 24.Qg4 g5 25.Bg3 h5 26.Bxd6 Rxd6 27.Qxh5 Bxg2 28.Rg1 Qc6 29.Qh7
Kf8 30.Be4 Bxe4 31.Nxe4 Rxd1+ 32.Rxd1 Qc7 33.Qh6+ {#r} 1-0

[Event "World Games (for Disabled)"]
[Site "masterchessopen.com Dresden (Germany)"]
[Round "4"]
[White "Luther Thomas (GER)"]
[Black "Obodchuk Andrei (RUS)"]
[Result "1-0"]
[WhiteElo "2518"]
[BlackElo "2384"]

1.e4 c5 2.Nf3 Nc6 3.d4 cxd4 4.Nxd4 Nf6 5.Nc3 d6 6.Bg5 Bd7 7.Qd2 h6 8.Bxf6 gxf6
9.Be2 Qa5 10.Nb3 Qg5 11.f4 Qxg2 12.O-O-O h5 13.Nc5 Bh6 14.Nxd7 Kxd7 15.Kb1 Qh3
16.Nd5 Rad8 17.Bb5 Ke8 18.Rhg1 Kf8 19.Rg3 Qc8 20.Rdg1 h4 21.Rg4 Ne5 22.Rg8+
Rxg8 23.Rxg8+ Kxg8 24.Nxe7+ {#r} 1-0

[Event "It (open)"]
[Site "masterchessopen.com Jakarta (Indonesia)"]
[Date "2011.10.14"]
[Round "2"]
[White "Emperado Emmanuel (PHI)"]
[Black "Cao Sang (HUN)"]
[Result "0-1"]
[WhiteElo "2294"]
[BlackElo "2529"]

1.e4 c5 2.Nf3 Nc6 3.d4 cxd4 4.Nxd4 Nf6 5.Nc3 d6 6.Bg5 Bd7 7.Qd2 Rc8 8.O-O-O a6
9.f4 h6 10.Bh4 e6 11.Nf3 Be7 12.g4 g5 13.e5 dxe5 14.fxg5 Nd5 15.Ne4 hxg5
16.Bxg5 f6 17.Be3 Ncb4 18.c4 Ba4 19.b3 Bxb3 20.axb3 Qa5 21.Kb1 Nxe3 22.Nxf6+
Kf8 23.Nd7+ Kg7 24.Bd3 Nxd1 25.Rxd1 Rcd8 26.Nfxe5 Qa3 27.Qc3 Qa2+ {#R} 0-1

[Event "It (open)"]
[Site "masterchessopen.com Le Touquet (France)"]
[Date "2011.10.26"]
[Round "6"]
[White "Rouffignac Tanguy (FRA)"]
[Black "Pruvot L"]
[Result "0-1"]
[WhiteElo "1955"]
[BlackElo "2072"]

1.e4 c5 2.Nc3 d6 3.Nge2 Nc6 4.d4 cxd4 5.Nxd4 Nf6 6.Bg5 Bd7 7.Qd2 Nxd4 8.Qxd4
Qa5 9.Bxf6 gxf6 10.O-O-O Rc8 11.Kb1 Rg8 12.Nd5 Qc5 13.Qxc5 Rxc5 14.g3 Bg7
15.Bd3 e6 16.Ne3 Ke7 17.f4 Rgc8 18.c4 a5 19.b3 b5 20.Rhe1 b4 21.a3 bxa3 22.Ka2
Rb8 23.Kxa3 Rc7 24.Rb1 Rcb7 25.Re2 Ke8 26.f5 Bf8 27.Ka2 Be7 28.Nc2 Rc8 {#R}
0-1

[Event "Czech League 2011/12 (2nd) (c)"]
[Site "masterchessopen.com Czech Republic"]
[Date "2011.11.06"]
[Round "2"]
[White "Hrdina Robin"]
[Black "Vodicka Vlastimil (CZE)"]
[Result "0-1"]
[WhiteElo "2050"]
[BlackElo "2086"]

1.e4 c5 2.Nf3 Nc6 3.d4 cxd4 4.Nxd4 Nf6 5.Nc3 d6 6.Bg5 Bd7 7.Qd2 Rc8 8.O-O-O
Nxd4 9.Qxd4 Qa5 10.f4 Rxc3 11.bxc3 e5 12.fxe5 dxe5 13.Qc4 Ba3+ 14.Kd2 O-O
15.Bxf6 Rc8 16.Qd3 gxf6 17.Qg3+ Kh8 18.h3 Rxc3 19.Qxc3 Bb4 20.Qxb4 Qxb4+
21.Ke3 Bc6 22.Bd3 f5 23.exf5 Bxg2 {#R} 0-1

[Event "Ch World (juniors) (under 18)"]
[Site "masterchessopen.com Caldas Novas (Brazil)"]
[Date "2011.11.23"]
[Round "6"]
[White "Espinoza Palomino Willyam (PER)"]
[Black "Caprio Guido (ITA)"]
[Result "1-0"]
[WhiteElo "2273"]
[BlackElo "2354"]

1.e4 c5 2.Nf3 d6 3.d4 cxd4 4.Nxd4 Nf6 5.Nc3 Nc6 6.Bg5 Bd7 7.Qd2 Rc8 8.O-O-O
Nxd4 9.Qxd4 Qa5 10.Bd2 a6 11.f4 Qc5 12.Be3 Qxd4 13.Bxd4 Bc6 14.Bd3 e6 15.Rhg1
b5 16.g4 b4 17.g5 Nd7 18.Ne2 Bb7 19.Ng3 Nc5 20.h4 d5 21.e5 Nxd3+ 22.Rxd3 g6
23.h5 Be7 24.Rh1 Kd7 25.Rd2 h6 26.hxg6 hxg5 27.Rxh8 Rxh8 28.g7 Rg8 29.Nh5 Kc6
30.Rg2 Kb5 31.Rxg5 Kc4 32.Rg4 Bc6 33.b3+ Kb5 34.Kd1 Ka5 35.Ke1 {#r} 1-0

[Event "It (open)"]
[Site "masterchessopen.com Bugibba (Malta)"]
[Date "2011.11.25"]
[Round "7"]
[White "Ziegler Ari (SWE)"]
[Black "Epishin Vladimir (GER)"]
[Result "0-1"]
[WhiteElo "2341"]
[BlackElo "2543"]

1.e4 c5 2.Nf3 d6 3.d4 Nf6 4.Nc3 cxd4 5.Nxd4 Nc6 6.Bg5 Bd7 7.Qd2 h6 8.Bxf6 gxf6
9.O-O-O h5 10.f4 Nxd4 11.Qxd4 Qb6 12.Qxb6 axb6 13.Kb1 e6 14.Be2 Bc6 15.Rhf1
Ke7 16.Rf2 Bg7 17.Rd3 h4 18.Rh3 f5 19.exf5 Bd4 20.Rff3 Rag8 21.Bf1 Bxf3
22.Rxf3 h3 23.gxh3 Bxc3 24.bxc3 Rh4 25.Kb2 e5 26.fxe5 dxe5 27.Rg3 Rxg3 28.hxg3
Re4 29.Bg2 Re3 30.g4 e4 31.g5 Re2 32.Bf1 Rh2 33.Bc4 e3 34.Kc1 Rh1+ 35.Kb2 Rxh3
36.g6 fxg6 37.fxg6 Kf6 38.Bd3 Rh2 39.Kc1 Rh1+ 40.Kb2 Rd1 {#R} 0-1

[Event "It (open)"]
[Site "masterchessopen.com Porec (Croatia)"]
[Date "2011.12.01"]
[Round "2"]
[White "Kukurin Luka (CRO)"]
[Black "Monjac Mislav (CRO)"]
[Result "0-1"]
[WhiteElo "1787"]
[BlackElo "2013"]

1.e4 c5 2.Nf3 d6 3.d4 cxd4 4.Nxd4 Nf6 5.Nc3 Nc6 6.Bg5 Bd7 7.Qd2 h6 8.Bxf6 gxf6
9.O-O-O Rc8 10.f4 Nxd4 11.Qxd4 Qa5 12.Kb1 Qc5 13.Qxc5 Rxc5 14.Be2 h5 15.Rhf1
h4 16.h3 Bh6 17.Rd5 Rxd5 18.Nxd5 Rg8 19.Rf2 Bc6 20.c4 Rg3 21.Kc2 e6 22.Nxf6+
Ke7 23.Ng4 Bxe4+ 24.Kc1 Bg7 25.Bf1 f5 26.Nh2 Bd4 27.Re2 Bd3 28.Re1 Bxf1
29.Nxf1 Rxg2 30.Ne3 Bxe3+ 31.Rxe3 Rg3 32.Kd2 Rxe3 33.Kxe3 e5 34.b4 a6 35.c5
dxc5 36.fxe5 cxb4 37.Kf4 Ke6 {#R} 0-1

[Event "Ch Italy"]
[Site "masterchessopen.com Perugia (Italy)"]
[Date "2011.12.10"]
[Round "10"]
[White "Codenotti Marco (ITA)"]
[Black "Caprio Guido (ITA)"]
[Result "0-1"]
[WhiteElo "2293"]
[BlackElo "2354"]

1.e4 c5 2.Nf3 d6 3.d4 cxd4 4.Nxd4 Nf6 5.Nc3 Nc6 6.Bg5 Bd7 7.Qd2 h6 8.Bxf6 gxf6
9.O-O-O Nxd4 10.Qxd4 Qa5 11.f4 Rc8 12.Kb1 Qc5 13.Be2 Bg7 14.Qd3 f5 15.e5 O-O
16.g4 fxg4 17.Rhg1 Rfd8 18.e6 Bxe6 19.Bxg4 Bxg4 20.Rxg4 Kh8 21.Qh3 Qf5 22.Rd5
Rxc3 23.Qg2 Re3 24.a3 Re1+ 25.Ka2 Qe4 {#R} 0-1

[Event "It (open)"]
[Site "masterchessopen.com Zadar (Croatia)"]
[Date "2011.12.14"]
[Round "5"]
[White "Videnova Iva (BUL)"]
[Black "Mandekic Ivan (CRO)"]
[Result "1-0"]
[WhiteElo "2297"]
[BlackElo "2288"]

1.e4 c5 2.Nf3 d6 3.d4 cxd4 4.Nxd4 Nf6 5.Nc3 Nc6 6.Bg5 Bd7 7.Qd2 h6 8.Bxf6 gxf6
9.f4 Nxd4 10.Qxd4 Qa5 11.O-O-O Rc8 12.Kb1 Qc5 13.Qd2 Bg7 14.f5 h5 15.Nd5 h4
16.Be2 Bh6 17.Qd3 a6 18.c3 Bg5 19.Rhf1 Bc6 20.b4 Qa7 21.Rf3 Bxd5 22.Qxd5 b5
23.a4 bxa4 24.Qa5 O-O 25.g3 hxg3 26.Rxg3 Qf2 27.Qxa6 Qxh2 28.Rdg1 Rxc3
29.Rxg5+ fxg5 30.Rxg5+ Kh7 31.Rh5+ Qxh5 32.Bxh5 Rb3+ 33.Kc2 Rxb4 34.e5 dxe5
35.Bxf7 Rg4 36.Qe6 e4 {#r} 1-0

[Event "Tournament (open) \"]
[Site "masterchessopen.com Ulan Ude (Russia)"]
[Date "2011.12.18"]
[Round "2"]
[White "Badmatsyrenov Oleg (RUS)"]
[Black "Leonov Mikhail (RUS)"]
[Result "1-0"]
[WhiteElo "2464"]
[BlackElo "2031"]

1.e4 c5 2.Nf3 Nc6 3.d4 cxd4 4.Nxd4 Nf6 5.Nc3 d6 6.Bg5 Bd7 7.Qd2 h6 8.Bxf6 gxf6
9.Nf5 Qa5 10.Bd3 Ne5 11.f4 Nxd3+ 12.Qxd3 Rg8 13.g3 Rc8 14.O-O-O Rxc3 15.Qxc3
Qxa2 16.Rhe1 h5 17.Qc7 {#r} 1-0

[Event "It (open)"]
[Site "masterchessopen.com Groningen (Netherlands)"]
[Date "2011.12.22"]
[Round "2"]
[White "Nuri Kambez (SUI)"]
[Black "Andraschko Felix (GER)"]
[Result "1-0"]
[WhiteElo "2256"]
[BlackElo "2103"]

1.e4 c5 2.Nf3 Nc6 3.d4 cxd4 4.Nxd4 Nf6 5.Nc3 d6 6.Bg5 Bd7 7.Qd2 Rc8 8.f4 Nxd4
9.Qxd4 Qa5 10.e5 dxe5 11.fxe5 e6 12.O-O-O Bc6 13.Nb5 Bxb5 14.exf6 Bc6 15.h4 g6
16.Bc4 Bc5 17.Qe5 Bb6 18.Qxa5 Bxa5 19.Bh6 Bxg2 20.Bb5+ Bc6 21.Bxc6+ bxc6
22.Rh3 Rd8 23.Rhd3 Rd5 24.c4 Rxd3 25.Rxd3 Bc7 26.b4 Rg8 27.Bg7 Be5 28.Kc2 h6
29.Rd1 g5 30.hxg5 hxg5 31.Kd3 g4 32.Ke4 Bc7 33.c5 Bb8 34.b5 cxb5 35.c6 g3
36.Kf3 Be5 37.Kg2 {#r} 1-0

[Event "Cup RGSU (students) (cat.13)"]
[Site "masterchessopen.com Moscow (Russia)"]
[Date "2012.02.01"]
[Round "5"]
[White "Robson Ray (USA)"]
[Black "Reshetnikov Alexey (RUS)"]
[Result "1-0"]
[WhiteElo "2596"]
[BlackElo "2514"]

1.e4 c5 2.Nf3 d6 3.d4 cxd4 4.Nxd4 Nf6 5.Nc3 Nc6 6.Bg5 Bd7 7.Qd2 Rc8 8.Nxc6
bxc6 9.O-O-O h6 10.Bf4 e5 11.Bg3 Nh5 12.Kb1 Be7 13.Bc4 Rb8 14.Bb3 Be6 15.Bxe6
fxe6 16.Bxe5 Qb6 17.Na4 Qa6 18.Bxd6 Rd8 19.Nc5 Qb5 20.Nxe6 Rxd6 21.Nc7+ Kf7
22.Qxd6 {#r} 1-0

[Event "It (open)"]
[Site "masterchessopen.com Moscow (Russia)"]
[Date "2012.02.05"]
[Round "9"]
[White "Popov Ivan (RUS)"]
[Black "Dubov Daniil (RUS)"]
[Result "0-1"]
[WhiteElo "2599"]
[BlackElo "2137"]

1.e4 c5 2.Nf3 d6 3.d4 cxd4 4.Nxd4 Nf6 5.Nc3 Nc6 6.Bg5 Bd7 7.Qd2 Rc8 8.f4 Nxd4
9.Qxd4 Qa5 10.e5 dxe5 11.fxe5 e6 12.O-O-O Bc6 13.Nb5 Bxb5 14.exf6 Bc6 15.h4 g6
16.Bc4 Bc5 17.Qg4 h5 18.Qg3 Be4 19.Rhe1 Bf5 20.Rd5 Bg4 21.Ree5 O-O 22.Rd3 Qb6
23.Bb3 Bd6 24.Be3 Bxe5 25.Qxe5 Qc6 26.Rd2 Rfd8 27.Bd4 Qa6 28.Qe1 e5 29.Bxe5
Rxd2 30.Kxd2 Rd8+ 31.Ke3 Rd1 {#R} 0-1

[Event "Ch Kazakhstan (1/2 final)"]
[Site "masterchessopen.com Pavlodar (Kazakhstan)"]
[Date "2012.02.24"]
[Round "4"]
[White "Ibrayev G (KAZ)"]
[Black "Pak Evgeniy (KAZ)"]
[Result "0-1"]
[WhiteElo "2196"]
[BlackElo "2328"]

1.e4 c5 2.Nf3 Nc6 3.d4 cxd4 4.Nxd4 Nf6 5.Nc3 d6 6.Bg5 Bd7 7.Qd2 h6 8.Bxf6 gxf6
9.O-O-O Nxd4 10.Qxd4 Qa5 11.Kb1 Rc8 12.f4 Qc5 13.Be2 Bg7 14.f5 h5 15.g4 hxg4
16.Bxg4 Bh6 17.Qxc5 Rxc5 18.Nd5 Kf8 19.h3 Bg5 20.Rhf1 Bh4 21.Rf3 Rc4 22.Nc3
Bg5 23.b3 Rc5 24.Nd5 b5 25.Kb2 Rh6 26.Rc3 Rxc3 27.Kxc3 e6 28.Nc7 {#R} 0-1

[Event "Ch British Universities (team)"]
[Site "masterchessopen.com High Wycombe (England)"]
[Date "2012.02.25"]
[Round "4"]
[White "Brown Martin (ENG)"]
[Black "Lunn Matthew (ENG)"]
[Result "1-0"]
[WhiteElo "2183"]
[BlackElo "1967"]

1.e4 c5 2.Nf3 Nc6 3.d4 cxd4 4.Nxd4 Nf6 5.Nc3 d6 6.Bg5 Bd7 7.Qd2 Rc8 8.f4 Nxd4
9.Qxd4 Qa5 10.Bxf6 gxf6 11.Bc4 Qc5 12.Qxc5 Rxc5 13.Bd3 Bg7 14.f5 h5 15.Rf1 Bh6
16.Nd5 Rg8 17.Rf2 Kf8 18.b4 Rc8 19.b5 h4 20.c4 Bg5 21.Kf1 Rh8 22.Rd1 Rh6
23.Rf3 Rc5 24.Be2 e6 25.fxe6 fxe6 26.Nb4 Ke7 27.Ra3 Re5 28.Rxa7 Rxe4 29.Rxb7
Bf4 {#r} 1-0

[Event "Ch Southern FO (open)"]
[Site "masterchessopen.com Armavir (Russia)"]
[Round "4"]
[White "Petrov Artur (RUS)"]
[Black "Rakov Valery (RUS)"]
[Result "1-0"]
[WhiteElo "2404"]
[BlackElo "2211"]

1.e4 c5 2.Nf3 Nc6 3.d4 cxd4 4.Nxd4 Nf6 5.Nc3 d6 6.Bg5 Bd7 7.Qd2 Rc8 8.O-O-O
Nxd4 9.Qxd4 Qa5 10.f4 h6 11.Bxf6 gxf6 12.Kb1 Qc5 13.Qd2 f5 14.exf5 Bxf5
15.Bb5+ Kd8 16.Bd3 Bg7 17.Bxf5 Qxf5 18.Nd5 Qd7 19.f5 Be5 20.Rhe1 Qxf5 21.Nxe7
Kxe7 22.Qxd6+ {#r} 1-0

[Event "Ch Catalunia (team)"]
[Site "masterchessopen.com Catalunia (Spain)"]
[Date "2012.03.17"]
[Round "8"]
[White "Fluvia Jordi (ESP)"]
[Black "Jerez Perez Alfonso (ESP)"]
[Result "0-1"]
[WhiteElo "2470"]
[BlackElo "2409"]

1.e4 c5 2.Nf3 d6 3.d4 cxd4 4.Nxd4 Nf6 5.Nc3 Nc6 6.Bg5 Bd7 7.Qd2 Rc8 8.O-O-O
Nxd4 9.Qxd4 Qa5 10.h4 e6 11.f3 Be7 12.g4 Bc6 13.Be3 a6 14.h5 h6 15.Kb1 d5
16.exd5 Nxd5 17.Nxd5 Bxd5 18.c4 Bf6 19.Qf4 Qb4 20.b3 Qc3 21.Bd4 Qxf3 22.Qd2
Be4+ 23.Ka1 Rd8 {#R} 0-1

[Event "Ch Catalunia (team)"]
[Site "masterchessopen.com Catalunya (Spain)"]
[Date "2012.03.24"]
[Round "9"]
[White "Cuartas Jorge (COL)"]
[Black "Jerez Perez Alfonso (ESP)"]
[Result "1-0"]
[WhiteElo "2284"]
[BlackElo "2409"]

1.e4 c5 2.Nf3 d6 3.d4 Nf6 4.Nc3 cxd4 5.Nxd4 Nc6 6.Bg5 Bd7 7.Qd2 Rc8 8.Bxf6
gxf6 9.Be2 h5 10.Nf5 Qa5 11.Nd5 Qxd2+ 12.Kxd2 Bxf5 13.exf5 Bg7 14.Rae1 e6
15.Bb5 Kd7 16.Ne3 a6 17.Ba4 b5 18.Bb3 Bh6 19.Rhf1 Rhg8 20.f4 d5 21.g3 Kd6
22.fxe6 fxe6 23.Bxd5 h4 24.Bxe6 Kxe6 25.Ng4+ Kd7 26.Nxh6 Rh8 27.Ng4 f5 28.Nf6+
Kd6 29.g4 fxg4 30.Nxg4 h3 31.f5 Rh4 32.Re6+ Kc5 33.Rg6 Rf8 34.c3 Ne7 35.b4+
{#r} 1-0

[Event "Ch Slovakia (juniors) (under 16)"]
[Site "masterchessopen.com Stara Lubovna (Slovakia)"]
[Date "2012.03.24"]
[Round "9"]
[White "Kerdik Adam"]
[Black "Harvan Richard"]
[Result "0-1"]
[WhiteElo "1886"]
[BlackElo "1983"]

1.e4 c5 2.Nf3 Nc6 3.d4 cxd4 4.Nxd4 Nf6 5.Nc3 d6 6.Bg5 Bd7 7.Qd2 Nxd4 8.Qxd4
Qa5 9.f4 h6 10.Bxf6 gxf6 11.O-O-O Rc8 12.Kb1 Qc5 13.Be2 Qxd4 14.Rxd4 f5
15.exf5 Bxf5 16.Rc4 Rxc4 17.Bxc4 e6 18.Rd1 Kd7 19.Bd3 Bxd3 20.Rxd3 Rg8 21.g3
Be7 22.Ne4 Rc8 23.b3 b5 24.Kb2 d5 25.Nd2 Bf6+ 26.Kc1 Ke7 27.Nf3 Kd6 28.Nd2 Rc6
29.Ne4+ Ke7 30.Nxf6 Kxf6 31.Kb2 Kf5 32.h3 h5 33.h4 Ke4 34.a3 a5 35.Kb1 d4
36.Kb2 b4 37.a4 Rc3 38.Rd1 Rxg3 {#R} 0-1

[Event "Ch UrFO (open)"]
[Site "masterchessopen.com Satka (Russia)"]
[Date "2012.03.26"]
[Round "3"]
[White "Kotlyar Kirill (RUS)"]
[Black "Pogromsky Mikhail (RUS)"]
[Result "1-0"]
[WhiteElo "2274"]
[BlackElo "2438"]

1.e4 c5 2.Nf3 d6 3.d4 cxd4 4.Nxd4 Nf6 5.Nc3 Nc6 6.Bg5 Bd7 7.Qd2 Rc8 8.Nxc6
Bxc6 9.f3 e6 10.O-O-O Be7 11.Nb5 Bxb5 12.Bxb5+ Kf8 13.Bxf6 Bxf6 14.Qxd6+ Qxd6
15.Rxd6 g5 16.Rd7 Rb8 17.Bc4 h5 18.a4 a6 19.Rhd1 Be5 20.h3 Rh6 21.R1d3 b5
22.axb5 axb5 23.Bb3 g4 24.fxg4 hxg4 25.hxg4 Rf6 26.Rf3 b4 27.Kb1 Kg7 28.Ra7
Rb5 29.Ka2 Kg6 30.Bc4 Rb8 31.Kb3 Rh8 32.Ra5 Bd4 33.Bd3 Rxf3 34.gxf3 Rh1 35.Rb5
{#r} 1-0

[Event "Tournament (qual) (1/2 final)"]
[Site "masterchessopen.com Puerto Boyaca (Colombia)"]
[Date "2012.04.28"]
[Round "4"]
[White "Ruiz C Joshua D (COL)"]
[Black "Tovio Israel (COL)"]
[Result "0-1"]
[WhiteElo "2178"]
[BlackElo "2275"]

1.e4 c5 2.Nf3 d6 3.d4 cxd4 4.Nxd4 Nf6 5.Nc3 Nc6 6.Bg5 Bd7 7.Qd2 Rc8 8.O-O-O
Nxd4 9.Qxd4 Qa5 10.Bxf6 gxf6 11.Kb1 Qc5 12.Qd2 h5 13.f4 b5 14.Nd5 Be6 15.c3
Bg7 16.f5 Bd7 17.g3 e6 18.fxe6 fxe6 19.Nf4 Rc6 20.Bh3 Bh6 21.Qc2 Bxf4 22.gxf4
b4 23.e5 bxc3 24.Rxd6 f5 25.Rhd1 Rxd6 26.Rxd6 Rg8 27.bxc3 Ke7 28.Rd1 Rb8+
29.Ka1 Ba4 {#R} 0-1

[Event "It (open)"]
[Site "masterchessopen.com Barquisimeto (Venezuela)"]
[Date "2012.05.25"]
[Round "3"]
[White "Castro Jose (PER)"]
[Black "Pinero Carlos"]
[Result "0-1"]
[WhiteElo "2204"]
[BlackElo "2128"]

1.e4 c5 2.Nf3 Nc6 3.d4 cxd4 4.Nxd4 Nf6 5.Nc3 d6 6.Bg5 Bd7 7.Qd2 Qa5 8.Nb3 Qc7
9.O-O-O a6 10.f3 e6 11.Kb1 Be7 12.g4 Ne5 13.Nd4 b5 14.Bd3 Nc4 15.Bxc4 bxc4
16.Qe2 O-O 17.Bc1 Rab8 18.g5 Nh5 19.f4 g6 20.f5 Qa5 21.Ka1 Rb4 22.Qg4 Rb7
23.Rhf1 Rfb8 24.Qf3 Kh8 25.fxg6 hxg6 26.Qxf7 Be8 27.Qf3 Bxg5 28.Bxg5 Qxg5
29.Qf8+ Kh7 30.Nxe6 Qe5 31.Rxd6 Rxb2 32.Rd7+ Bxd7 33.Rf7+ Ng7 34.Rxg7+ Kh6
35.Rxg6+ Kxg6 36.Nf4+ Kg5 {#R} 0-1